<?xml version="1.0" encoding="UTF-8"?>
<record
    xmlns:xsi="http://www.w3.org/2001/XMLSchema-instance"
    xsi:schemaLocation="http://www.loc.gov/MARC21/slim http://www.loc.gov/standards/marcxml/schema/MARC21slim.xsd"
    xmlns="http://www.loc.gov/MARC21/slim">

  <leader>01420nam a2200349   4500</leader>
  <controlfield tag="003">OSt</controlfield>
  <controlfield tag="005">20260530115312.0</controlfield>
  <controlfield tag="008">260504b2005    sp a|||| |||| 00| 0 eng d</controlfield>
  <datafield tag="020" ind1=" " ind2=" ">
    <subfield code="a">3832790535</subfield>
  </datafield>
  <datafield tag="040" ind1=" " ind2=" ">
    <subfield code="a">ICI</subfield>
    <subfield code="b">spa</subfield>
    <subfield code="c">ICI</subfield>
  </datafield>
  <datafield tag="041" ind1=" " ind2=" ">
    <subfield code="a">ger</subfield>
    <subfield code="a">eng</subfield>
    <subfield code="a">fre</subfield>
    <subfield code="a">spa</subfield>
    <subfield code="a">ita</subfield>
  </datafield>
  <datafield tag="050" ind1=" " ind2=" ">
    <subfield code="a">TS171</subfield>
    <subfield code="b">F66</subfield>
  </datafield>
  <datafield tag="245" ind1="1" ind2="0">
    <subfield code="a">Food Design /</subfield>
    <subfield code="c">editor in chief, Paco Asensio ; editor Oscar Asensio ; text Cristian Campos ; english translation, Jane Wintle ; french translation, Marion Westerhoff ; german translation, Susann Engler ; italian translation, Donatella Talpo</subfield>
  </datafield>
  <datafield tag="264" ind1=" " ind2="1">
    <subfield code="b">TeNeues,</subfield>
    <subfield code="c">[2005]</subfield>
    <subfield code="a">Kempen : </subfield>
  </datafield>
  <datafield tag="300" ind1=" " ind2=" ">
    <subfield code="a">399 p&#xE1;ginas :</subfield>
    <subfield code="b">ilustraciones a color</subfield>
  </datafield>
  <datafield tag="336" ind1=" " ind2=" ">
    <subfield code="a">texto</subfield>
    <subfield code="2">rdacontent</subfield>
  </datafield>
  <datafield tag="337" ind1=" " ind2=" ">
    <subfield code="a">sin medio</subfield>
    <subfield code="2">rdamedia</subfield>
  </datafield>
  <datafield tag="338" ind1=" " ind2=" ">
    <subfield code="a">volumen</subfield>
    <subfield code="2">rdacarrier</subfield>
  </datafield>
  <datafield tag="500" ind1=" " ind2=" ">
    <subfield code="a">Texto en ingl&#xE9;s, franc&#xE9;s, italiano y presentaci&#xF3;n en ingl&#xE9;s, alem&#xE1;n, franc&#xE9;s, espa&#xF1;ol e italiano</subfield>
  </datafield>
  <datafield tag="650" ind1=" " ind2="4">
    <subfield code="a">Dise&#xF1;o industrial</subfield>
    <subfield code="9">15218</subfield>
  </datafield>
  <datafield tag="650" ind1=" " ind2="4">
    <subfield code="a"> Alimentos </subfield>
    <subfield code="x">Envasado</subfield>
    <subfield code="9">33016</subfield>
  </datafield>
  <datafield tag="650" ind1=" " ind2="4">
    <subfield code="a">Publicidad</subfield>
    <subfield code="x">Alimentos</subfield>
    <subfield code="9">33017</subfield>
  </datafield>
  <datafield tag="650" ind1=" " ind2="4">
    <subfield code="a"> Utensilios de cocina</subfield>
    <subfield code="x">Dise&#xF1;o</subfield>
    <subfield code="9">33018</subfield>
  </datafield>
  <datafield tag="700" ind1=" " ind2="1">
    <subfield code="a">Asensio Cerver, Francisco, </subfield>
    <subfield code="e">editor</subfield>
  </datafield>
  <datafield tag="700" ind1=" " ind2="1">
    <subfield code="a">Asensio, &#xD3;scar, </subfield>
    <subfield code="e">editor</subfield>
  </datafield>
  <datafield tag="700" ind1=" " ind2="1">
    <subfield code="a">Campos, Cristian, </subfield>
    <subfield code="e">autor</subfield>
    <subfield code="9">33021</subfield>
  </datafield>
  <datafield tag="700" ind1=" " ind2="1">
    <subfield code="a">Wintle, Jane,</subfield>
    <subfield code="e">traductor </subfield>
    <subfield code="9">33022</subfield>
  </datafield>
  <datafield tag="700" ind1=" " ind2="1">
    <subfield code="a">Westerhoff, Marion,</subfield>
    <subfield code="e">traductor</subfield>
    <subfield code="9">29216</subfield>
  </datafield>
  <datafield tag="700" ind1=" " ind2="1">
    <subfield code="a">Engler, Susann,</subfield>
    <subfield code="e">traductor</subfield>
    <subfield code="9">33023</subfield>
  </datafield>
  <datafield tag="700" ind1=" " ind2="1">
    <subfield code="a">Talpo, Donatella, </subfield>
    <subfield code="e">traductor</subfield>
    <subfield code="9">33024</subfield>
  </datafield>
  <datafield tag="942" ind1=" " ind2=" ">
    <subfield code="2">lcc</subfield>
    <subfield code="c">BK</subfield>
    <subfield code="n">1</subfield>
  </datafield>
  <datafield tag="999" ind1=" " ind2=" ">
    <subfield code="c">13424</subfield>
    <subfield code="d">13424</subfield>
  </datafield>
</record>
